000
00343nam a2200133 a 4500
001
4140
005
20140414131940.0
008
090218s19uu xx 00 eng d
050
_a
TR 170
_b
T14 2005
245
_a
The tale of the giant turnip :
_b
a book about generosity and greed.
650
_a
Generosity
650
_a
Greed
999
_c
112590
_d
112590